[Event "Gatineau Benevoles"]
[Site "Gatineau CAN"]
[Date "2013.12.24"]
[Round "3"]
[White "Arsenault, Yves"]
[Black "Iyamuremye, Gervais"]
[Result "1-0"]
[WhiteElo "1567"]
[BlackElo "1443"]
[PlyCount "73"]
[GameId "2160767909208184"]
[EventDate "2013.12.10"]
[EventType "swiss"]
[EventRounds "4"]
[EventCountry "CAN"]
[SourceTitle "EXT 2022"]
[Source "ChessBase"]
[SourceDate "2021.10.06"]
[SourceVersion "1"]
[SourceVersionDate "2021.10.06"]
[SourceQuality "1"]

1. e4 e5 2. Nf3 d6 3. Nc3 Nf6 4. h3 a6 5. d4 exd4 6. Nxd4 Be7 7. Bd3 Bd7 8. O-O O-O 9. Be3 Nc6 10. f4 Nb4 11. Be2 c5 12. Nf3 Ne8 13. a3 Nc6 14. Nd5 f5 15. Nxe7+ Qxe7 16. e5 dxe5 17. fxe5 Nxe5 18. Qd5+ Nf7 19. Qxc5 Qxc5 20. Bxc5 Nfd6 21. Rad1 Rf6 22. Rfe1 Bc6 23. Ne5 Rd8 24. Nxc6 bxc6 25. Bxa6 Nc7 26. Bc4+ Kh8 27. Re7 Nd5 28. Bxd5 cxd5 29. Rxd5 h6 30. Re2 Re8 31. Rxe8+ Nxe8 32. Rd8 Re6 33. b4 Kh7 34. Bd4 Rd6 35. Rxd6 Nxd6 36. Bc5 Nc4 37. b5 1-0

[Event "Gatineau Benevoles"]
[Site "Gatineau CAN"]
[Date "2013.12.24"]
[Round "3"]
[White "Berthiaume, Serge"]
[Black "Lecorre, Joel"]
[Result "1-0"]
[WhiteElo "1468"]
[BlackElo "1517"]
[PlyCount "57"]
[GameId "2160767909208185"]
[EventDate "2013.12.10"]
[EventType "swiss"]
[EventRounds "4"]
[EventCountry "CAN"]
[SourceTitle "EXT 2022"]
[Source "ChessBase"]
[SourceDate "2021.10.06"]
[SourceVersion "1"]
[SourceVersionDate "2021.10.06"]
[SourceQuality "1"]

1. d4 e6 2. Nf3 d5 3. Bf4 Nf6 4. e3 c5 5. c4 Nc6 6. Nc3 cxd4 7. Nxd4 Bb4 8. Ndb5 e5 9. Bg5 d4 10. exd4 exd4 11. Qe2+ Be6 12. O-O-O Bxc3 13. Nxc3 h6 14. Bxf6 Qxf6 15. Nd5 Qd8 16. Nf4 Qd6 17. Qe4 O-O 18. Bd3 g6 19. Nxg6 f5 20. Qh4 Rf7 21. Nf4 Bd7 22. g4 Ne5 23. gxf5 Nxd3+ 24. Rxd3 Bxf5 25. Rg3+ Rg7 26. Rxg7+ Kxg7 27. Rg1+ Kf7 28. Qh5+ Kf6 29. Nd5+ 1-0

[Event "Gatineau Benevoles"]
[Site "Gatineau CAN"]
[Date "2013.12.24"]
[Round "3"]
[White "Choiniere, Rene"]
[Black "Danilov, Alex"]
[Result "1/2-1/2"]
[WhiteElo "1577"]
[BlackElo "1693"]
[PlyCount "76"]
[GameId "2160767909208187"]
[EventDate "2013.12.10"]
[EventType "swiss"]
[EventRounds "4"]
[EventCountry "CAN"]
[SourceTitle "EXT 2022"]
[Source "ChessBase"]
[SourceDate "2021.10.06"]
[SourceVersion "1"]
[SourceVersionDate "2021.10.06"]
[SourceQuality "1"]

1. e4 c5 2. c3 Nf6 3. e5 Nd5 4. d4 e6 5. Nf3 cxd4 6. cxd4 Nc6 7. Bc4 d6 8. Bxd5 exd5 9. Nc3 dxe5 10. dxe5 d4 11. Ne2 Bc5 12. h3 O-O 13. O-O Re8 14. Bf4 Be6 15. Nc1 Bc4 16. Nd3 Bxd3 17. Qxd3 Nb4 18. Qb5 b6 19. Rfd1 d3 20. Rd2 Qd5 21. Qa4 Qe4 22. Bg3 Qd5 23. a3 b5 24. Qd1 Red8 25. Ne1 Nc6 26. Rxd3 Qe4 27. Rxd8+ Rxd8 28. Qf3 Qg6 29. Rc1 Nd4 30. Qd1 Qxg3 31. fxg3 Ne2+ 32. Kh2 Rxd1 33. Rxd1 Bg1+ 34. Kh1 Bb6 35. Rd3 Kf8 36. Nf3 h6 37. Rb3 Nxg3+ 38. Kh2 Nf1+ 1/2-1/2

[Event "Gatineau Benevoles"]
[Site "Gatineau CAN"]
[Date "2013.12.24"]
[Round "3"]
[White "Desjardins, Michel"]
[Black "Rose, Richard1"]
[Result "1/2-1/2"]
[WhiteElo "1902"]
[BlackElo "1849"]
[PlyCount "82"]
[GameId "2160767909208188"]
[EventDate "2013.12.10"]
[EventType "swiss"]
[EventRounds "4"]
[EventCountry "CAN"]
[SourceTitle "EXT 2022"]
[Source "ChessBase"]
[SourceDate "2021.10.06"]
[SourceVersion "1"]
[SourceVersionDate "2021.10.06"]
[SourceQuality "1"]

1. e4 c5 2. Nc3 Nc6 3. g3 e6 4. Bg2 d6 5. Nge2 Be7 6. d4 cxd4 7. Nxd4 Bd7 8. Nxc6 Bxc6 9. a4 Nf6 10. O-O O-O 11. Qe2 a6 12. Rd1 Qc7 13. a5 Rad8 14. Be3 Rd7 15. Bb6 Qb8 16. b4 Bd8 17. b5 axb5 18. Nxb5 d5 19. e5 Bxb5 20. Qxb5 Qxe5 21. Bd4 Qc7 22. f4 Be7 23. Rac1 Rc8 24. Bxf6 Bxf6 25. c4 d4 26. Rb1 Ra8 27. Qxb7 Qxb7 28. Bxb7 Rxa5 29. Bc6 Rd8 30. Ra1 Rxa1 31. Rxa1 d3 32. Ra8 d2 33. Rxd8+ Bxd8 34. Bf3 Kf8 35. c5 Ke7 36. Kf2 Ba5 37. g4 f6 38. Ke3 e5 39. fxe5 fxe5 40. Ke4 Bc7 41. h4 h6 1/2-1/2

[Event "Gatineau Benevoles"]
[Site "Gatineau CAN"]
[Date "2013.12.24"]
[Round "3"]
[White "Ethier, Valori"]
[Black "Danis, Jacques"]
[Result "0-1"]
[WhiteElo "1345"]
[BlackElo "1585"]
[PlyCount "84"]
[GameId "2160767909208189"]
[EventDate "2013.12.10"]
[EventType "swiss"]
[EventRounds "4"]
[EventCountry "CAN"]
[SourceTitle "EXT 2022"]
[Source "ChessBase"]
[SourceDate "2021.10.06"]
[SourceVersion "1"]
[SourceVersionDate "2021.10.06"]
[SourceQuality "1"]

1. f4 d5 2. b3 c5 3. e3 Nc6 4. Nf3 Nf6 5. Bb2 e6 6. Bb5 Bd7 7. O-O Be7 8. d3 O-O 9. Bxc6 Bxc6 10. Ne5 Rc8 11. Nd2 Nd7 12. Nxd7 Qxd7 13. Nf3 f6 14. Qe1 Rce8 15. c4 Bd6 16. Qg3 Qe7 17. Rae1 dxc4 18. bxc4 Bxf3 19. Rxf3 e5 20. fxe5 Bxe5 21. Bxe5 Qxe5 22. Qf2 b6 23. Rf5 Qe6 24. e4 Rd8 25. Rd5 Rfe8 26. Re3 Rxd5 27. cxd5 Qe5 28. g3 Kf7 29. h4 g6 30. Kg2 Rc8 31. Qc2 b5 32. d4 Qxd4 33. Ra3 Rc7 34. Ra6 Re7 35. Kf3 f5 36. Re6 fxe4+ 37. Qxe4 Qxe4+ 38. Rxe4 Rxe4 39. Kxe4 Kf6 40. g4 h6 41. g5+ hxg5 42. hxg5+ Ke7 0-1

[Event "Gatineau Benevoles"]
[Site "Gatineau CAN"]
[Date "2013.12.24"]
[Round "3"]
[White "Gagnon, Fabien"]
[Black "Lavergne, Daniel"]
[Result "1-0"]
[WhiteElo "1918"]
[BlackElo "1781"]
[PlyCount "53"]
[GameId "2160767909208190"]
[EventDate "2013.12.10"]
[EventType "swiss"]
[EventRounds "4"]
[EventCountry "CAN"]
[SourceTitle "EXT 2022"]
[Source "ChessBase"]
[SourceDate "2021.10.06"]
[SourceVersion "1"]
[SourceVersionDate "2021.10.06"]
[SourceQuality "1"]

1. Nf3 d5 2. g3 c6 3. Bg2 Nf6 4. c4 dxc4 5. Qc2 Nbd7 6. Na3 e5 7. Nxc4 Qc7 8. O-O b5 9. Ne3 Bb7 10. d4 exd4 11. Nxd4 Bc5 12. Ndf5 g6 13. Nh6 Bxe3 14. Bxe3 c5 15. Bxb7 Qxb7 16. Bxc5 Rc8 17. b4 Nxc5 18. bxc5 Kf8 19. Qb2 Qc6 20. Rfd1 Kg7 21. Rd6 Qxc5 22. Qxf6+ Kxh6 23. Rd4 Rhe8 24. Rh4+ Qh5 25. Rxh5+ Kxh5 26. Rd1 h6 27. Qh4# 1-0

[Event "Gatineau Benevoles"]
[Site "Gatineau CAN"]
[Date "2013.12.24"]
[Round "3"]
[White "Jobin, Gilles G"]
[Black "Guimond, Michel"]
[Result "0-1"]
[WhiteElo "1756"]
[BlackElo "1947"]
[PlyCount "70"]
[GameId "2160767909208191"]
[EventDate "2013.12.10"]
[EventType "swiss"]
[EventRounds "4"]
[EventCountry "CAN"]
[SourceTitle "EXT 2022"]
[Source "ChessBase"]
[SourceDate "2021.10.06"]
[SourceVersion "1"]
[SourceVersionDate "2021.10.06"]
[SourceQuality "1"]

1. Nf3 b6 2. g3 Bb7 3. Bg2 e5 4. d3 h5 5. e4 d6 6. Nc3 Ne7 7. Nh4 Ng6 8. Nxg6 fxg6 9. h4 c5 10. Nd5 Be7 11. Bh3 Bxd5 12. exd5 Nd7 13. Be6 Qc7 14. c4 O-O-O 15. a4 a5 16. Qf3 Kb8 17. Qe4 Nf8 18. Bh3 Bf6 19. Ra3 Qe7 20. Rb3 Ka7 21. Rb5 g5 22. Bf5 gxh4 23. gxh4 g6 24. Bxg6 Nxg6 25. Qxg6 Rdg8 26. Qf5 e4 27. dxe4 Rg4 28. f3 Bxh4+ 29. Ke2 Rg2+ 30. Kd3 Qg7 31. Be3 Bf2 32. e5 Bxe3 33. Kxe3 Re8 34. Kd3 Rxe5 35. Qf4 Qg6+ 0-1

[Event "Gatineau Benevoles"]
[Site "Gatineau CAN"]
[Date "2013.12.24"]
[Round "3"]
[White "Legare, Gilles"]
[Black "Sabourin, Yves"]
[Result "0-1"]
[WhiteElo "1130"]
[BlackElo "1459"]
[PlyCount "68"]
[GameId "2160767909208192"]
[EventDate "2013.12.10"]
[EventType "swiss"]
[EventRounds "4"]
[EventCountry "CAN"]
[SourceTitle "EXT 2022"]
[Source "ChessBase"]
[SourceDate "2021.10.06"]
[SourceVersion "1"]
[SourceVersionDate "2021.10.06"]
[SourceQuality "1"]

1. e4 e6 2. Nf3 d5 3. e5 c5 4. d4 Nc6 5. Bb5 Bd7 6. Nc3 cxd4 7. Bg5 Be7 8. Bxc6 dxc3 9. Bxd7+ Qxd7 10. bxc3 Qc7 11. Bd2 Bc5 12. O-O Ne7 13. Nd4 Qxe5 14. Re1 Qf6 15. Qe2 a6 16. Qh5 Bxd4 17. cxd4 Qxd4 18. Rad1 Qf6 19. Bg5 Qg6 20. Qg4 h6 21. Re5 hxg5 22. Rxg5 Qh6 23. Qg3 Nf5 24. Rxf5 exf5 25. Re1+ Kd7 26. Qe5 Qd6 27. Qxf5+ Kc6 28. g3 Rae8 29. Rd1 Qe6 30. Qd3 Kc7 31. Rb1 Qh3 32. Qc3+ Kb8 33. Rxb7+ Kxb7 34. Qb3+ Ka7 0-1

[Event "Gatineau Benevoles"]
[Site "Gatineau CAN"]
[Date "2013.12.24"]
[Round "3"]
[White "Lemieux, Denis"]
[Black "Menard, Marc"]
[Result "0-1"]
[WhiteElo "1666"]
[BlackElo "1450"]
[PlyCount "54"]
[GameId "2160767909208193"]
[EventDate "2013.12.10"]
[EventType "swiss"]
[EventRounds "4"]
[EventCountry "CAN"]
[SourceTitle "EXT 2022"]
[Source "ChessBase"]
[SourceDate "2021.10.06"]
[SourceVersion "1"]
[SourceVersionDate "2021.10.06"]
[SourceQuality "1"]

1. d4 Nf6 2. c4 e6 3. Nc3 d5 4. Bg5 Be7 5. f3 O-O 6. Qc2 c5 7. Bxf6 Bxf6 8. dxc5 dxc4 9. e3 Qc7 10. Ne4 Qa5+ 11. Kf2 Be7 12. Qxc4 f5 13. b4 Qa3 14. Qc3 Qa4 15. Bb5 Qxb5 16. a4 Qe8 17. Nd6 Bxd6 18. cxd6 Qc6 19. Qc5 b6 20. Qxc6 Nxc6 21. b5 Ne5 22. Rd1 Rd8 23. Rd4 Bb7 24. Ne2 Rac8 25. f4 Ng4+ 26. Kg3 Nxe3 27. Re1 Nc2 0-1

[Event "Gatineau Benevoles"]
[Site "Gatineau CAN"]
[Date "2013.12.24"]
[Round "3"]
[White "Pilon, Robert"]
[Black "Traversy, Pierre"]
[Result "1-0"]
[WhiteElo "1435"]
[BlackElo "1172"]
[PlyCount "65"]
[GameId "2160767909208194"]
[EventDate "2013.12.10"]
[EventType "swiss"]
[EventRounds "4"]
[EventCountry "CAN"]
[SourceTitle "EXT 2022"]
[Source "ChessBase"]
[SourceDate "2021.10.06"]
[SourceVersion "1"]
[SourceVersionDate "2021.10.06"]
[SourceQuality "1"]

1. e4 e5 2. Nf3 Nc6 3. Bc4 Be7 4. d4 exd4 5. Nxd4 Bf6 6. Nxc6 bxc6 7. Bf4 d6 8. c3 Ne7 9. e5 Ng6 10. exf6 Nxf4 11. Qf3 g5 12. g3 Ne6 13. Qxc6+ Bd7 14. Qf3 Qb8 15. Bb3 a5 16. a4 Ra7 17. Nd2 Qb6 18. O-O h6 19. Rfe1 Qc6 20. Qxc6 Bxc6 21. Bxe6 fxe6 22. Rxe6+ Kf7 23. Rae1 Re8 24. Rxe8 Bxe8 25. Re7+ Kf8 26. Nf3 Bg6 27. Nd4 Bf7 28. Nb5 Rb7 29. Nxd6 Rxb2 30. Rxf7+ Kg8 31. Rxc7 Rb6 32. Rc8+ Kh7 33. f7 1-0

[Event "Gatineau Benevoles"]
[Site "Gatineau CAN"]
[Date "2013.12.24"]
[Round "3"]
[White "Raymond, Daniel"]
[Black "Leon, Carlos"]
[Result "0-1"]
[WhiteElo "1614"]
[BlackElo "1648"]
[PlyCount "92"]
[GameId "2160767909208195"]
[EventDate "2013.12.10"]
[EventType "swiss"]
[EventRounds "4"]
[EventCountry "CAN"]
[SourceTitle "EXT 2022"]
[Source "ChessBase"]
[SourceDate "2021.10.06"]
[SourceVersion "1"]
[SourceVersionDate "2021.10.06"]
[SourceQuality "1"]

1. e4 e6 2. d4 d5 3. Nd2 c5 4. exd5 Qxd5 5. Ngf3 cxd4 6. Bc4 Qd6 7. Nb3 Nc6 8. O-O Nf6 9. Nbxd4 Nxd4 10. Qxd4 Qxd4 11. Nxd4 Bd7 12. Nb5 Rc8 13. Bd3 a6 14. Nc3 Bc5 15. Bg5 Bc6 16. Bxf6 gxf6 17. Ne4 Be7 18. Rad1 f5 19. Nd2 Rg8 20. f3 Bc5+ 21. Kh1 Ke7 22. Nb3 Bb6 23. Rfe1 Rg5 24. Rd2 Rcg8 25. c3 Bxf3 26. Bf1 h5 27. Nd4 Be4 28. b4 h4 29. h3 Rg3 30. Rxe4 fxe4 31. Ne2 Re3 32. c4 f5 33. c5 Bc7 34. Nd4 Re1 35. Kg1 Bf4 36. Re2 Be3+ 37. Kh2 Rxf1 38. Rxe3 Rf2 39. Re1 Rfxg2+ 40. Kh1 Rxa2 41. c6 bxc6 42. Nxc6+ Kd6 43. Na5 Rg3 44. Rd1+ Rd3 45. Rxd3+ exd3 46. Kg1 Rxa5 0-1

[Event "Gatineau Benevoles"]
[Site "Gatineau CAN"]
[Date "2013.12.01"]
[Round "4"]
[White "Danilov, Alex"]
[Black "Jobin, Gilles G"]
[Result "1/2-1/2"]
[WhiteElo "1693"]
[BlackElo "1756"]
[PlyCount "58"]
[GameId "2160767909208197"]
[EventDate "2013.12.10"]
[EventType "swiss"]
[EventRounds "4"]
[EventCountry "CAN"]
[SourceTitle "EXT 2022"]
[Source "ChessBase"]
[SourceDate "2021.10.06"]
[SourceVersion "1"]
[SourceVersionDate "2021.10.06"]
[SourceQuality "1"]

1. Nf3 g6 2. c4 Bg7 3. Nc3 d6 4. g3 c6 5. Bg2 Bd7 6. O-O Qc8 7. d4 Na6 8. Re1 Qc7 9. Bf4 e5 10. Bd2 exd4 11. Ne4 f5 12. Neg5 h6 13. Nh3 g5 14. e3 d3 15. Nd4 Nf6 16. e4 O-O-O 17. exf5 Rde8 18. Ne6 Bxe6 19. fxe6 Nc5 20. Bb4 Re7 21. f4 Nxe6 22. Kh1 gxf4 23. Qxd3 c5 24. Bc3 Rhe8 25. Qf5 Kb8 26. Rad1 Nd4 27. Qxf4 Rxe1+ 28. Rxe1 Rxe1+ 29. Bxe1 Qe7 1/2-1/2

[Event "Gatineau Benevoles"]
[Site "Gatineau CAN"]
[Date "2013.12.01"]
[Round "4"]
[White "Danis, Jacques"]
[Black "Berthiaume, Serge"]
[Result "0-1"]
[WhiteElo "1585"]
[BlackElo "1468"]
[PlyCount "118"]
[GameId "2160767909208198"]
[EventDate "2013.12.10"]
[EventType "swiss"]
[EventRounds "4"]
[EventCountry "CAN"]
[SourceTitle "EXT 2022"]
[Source "ChessBase"]
[SourceDate "2021.10.06"]
[SourceVersion "1"]
[SourceVersionDate "2021.10.06"]
[SourceQuality "1"]

1. e4 g6 2. d4 Bg7 3. c4 c5 4. Nf3 cxd4 5. Nxd4 Qb6 6. Nb3 Nc6 7. Nc3 Nf6 8. Be3 Qc7 9. Be2 O-O 10. Rc1 d6 11. f3 Nd7 12. Qd2 Nde5 13. O-O f5 14. Kh1 fxe4 15. Nxe4 Nf7 16. c5 Rd8 17. cxd6 Nxd6 18. Nxd6 Rxd6 19. Qc2 Bf5 20. Qc4+ Kf8 21. Bd4 Bxd4 22. Nxd4 Rxd4 23. Qxd4 Nxd4 24. Rxc7 Nxe2 25. Rxb7 Kf7 26. Re1 Bd3 27. Rb3 Nf4 28. g3 Bc4 29. Rb4 Nd3 30. Rxe7+ Kxe7 31. Rxc4 Rd8 32. Rc2 Rd6 33. Rc7+ Rd7 34. Rc2 Kd6 35. h4 Kd5 36. Kh2 Re7 37. Kh3 Kd4 38. g4 Ke3 39. Kg3 Ne1 40. Rc3+ Kd2 41. f4 Nd3 42. h5 Nxb2 43. Rb3 gxh5 44. Rxb2+ Kc3 45. Rf2 hxg4 46. Kxg4 Re4 47. Kf5 Kd4 48. Rd2+ Ke3 49. Re2+ Kxe2 50. Kxe4 h5 51. f5 h4 52. f6 h3 53. f7 h2 54. f8=Q h1=Q+ 55. Kd4 Qd1+ 56. Kc4 Qd3+ 57. Kb4 Qd4+ 58. Kb5 Qb2+ 59. Kc5 Qa3+ 0-1

[Event "Gatineau Benevoles"]
[Site "Gatineau CAN"]
[Date "2013.12.01"]
[Round "4"]
[White "Groleau, Gilles"]
[Black "Gagnon, Fabien"]
[Result "1/2-1/2"]
[WhiteElo "1904"]
[BlackElo "1918"]
[PlyCount "61"]
[GameId "2160767909208199"]
[EventDate "2013.12.10"]
[EventType "swiss"]
[EventRounds "4"]
[EventCountry "CAN"]
[SourceTitle "EXT 2022"]
[Source "ChessBase"]
[SourceDate "2021.10.06"]
[SourceVersion "1"]
[SourceVersionDate "2021.10.06"]
[SourceQuality "1"]

1. e4 e6 2. d4 d5 3. Nd2 Nf6 4. e5 Nfd7 5. Bd3 c5 6. c3 Nc6 7. Ne2 Qb6 8. Nf3 cxd4 9. cxd4 f6 10. exf6 Nxf6 11. O-O Bd6 12. b3 O-O 13. Bb2 Bd7 14. Ne5 Rae8 15. Nxd7 Nxd7 16. Rc1 Nf6 17. Bb1 Qc7 18. g3 Qf7 19. Nc3 a6 20. Na4 e5 21. dxe5 Nxe5 22. Bxe5 Rxe5 23. f4 Re3 24. Rc3 Rxc3 25. Nxc3 Bc5+ 26. Kg2 Re8 27. Re1 Rxe1 28. Qxe1 b5 29. h3 g6 30. Qe5 Qe7 31. Qxe7 1/2-1/2

[Event "Gatineau Benevoles"]
[Site "Gatineau CAN"]
[Date "2013.12.01"]
[Round "4"]
[White "Guimond, Michel"]
[Black "Desjardins, Michel"]
[Result "0-1"]
[WhiteElo "1947"]
[BlackElo "1902"]
[PlyCount "126"]
[GameId "2160767909208200"]
[EventDate "2013.12.10"]
[EventType "swiss"]
[EventRounds "4"]
[EventCountry "CAN"]
[SourceTitle "EXT 2022"]
[Source "ChessBase"]
[SourceDate "2021.10.06"]
[SourceVersion "1"]
[SourceVersionDate "2021.10.06"]
[SourceQuality "1"]

1. e4 d5 2. exd5 Qxd5 3. Nc3 Qd6 4. d4 Nf6 5. Bc4 a6 6. Nge2 b5 7. Bb3 Bb7 8. Bf4 Qb6 9. a4 Bxg2 10. Rg1 Bb7 11. a5 Qc6 12. d5 Qd7 13. Qd3 c5 14. dxc6 Nxc6 15. Qe3 Rd8 16. Qb6 e6 17. Rd1 Qc8 18. Rxd8+ Nxd8 19. Bc7 Nc6 20. Bf4 Nb4 21. Nd4 Bc5 22. Ndxb5 axb5 23. Qxb5+ Qc6 24. Ba4 Qxb5 25. Nxb5 O-O 26. Be5 Be7 27. Nd6 Bd5 28. Kd2 Rd8 29. Kc3 Nc6 30. Bxc6 Bxc6 31. Kc4 Rxd6 32. Bxd6 Bxd6 33. Rd1 Bc7 34. Kc5 Bf3 35. Ra1 Nd7+ 36. Kb5 Nb8 37. a6 Bc6+ 38. Kc5 Ba8 39. h3 Kf8 40. c4 Ke7 41. Kb5 Nc6 42. Rd1 Be5 43. b4 Bc3 44. Kb6 Bxb4 45. Kc7 Ba5+ 46. Kc8 Ke8 47. c5 Bb4 48. Rc1 e5 49. a7 Ba5 50. Ra1 f5 51. Rd1 e4 52. Rd6 g6 53. h4 Bb4 54. Kc7 Bxc5 55. Rd7 Be7 56. Rd1 Nxa7 57. Kb8 Bc5 58. Kxa8 Bxf2 59. Rc1 Nb5 60. Rc8+ Kd7 61. Rh8 e3 62. Rxh7+ Ke6 63. Rh8 Nd6 0-1

[Event "Gatineau Benevoles"]
[Site "Gatineau CAN"]
[Date "2013.12.01"]
[Round "4"]
[White "Lavergne, Daniel"]
[Black "Rose, Richard1"]
[Result "0-1"]
[WhiteElo "1781"]
[BlackElo "1849"]
[PlyCount "60"]
[GameId "2160767909208201"]
[EventDate "2013.12.10"]
[EventType "swiss"]
[EventRounds "4"]
[EventCountry "CAN"]
[SourceTitle "EXT 2022"]
[Source "ChessBase"]
[SourceDate "2021.10.06"]
[SourceVersion "1"]
[SourceVersionDate "2021.10.06"]
[SourceQuality "1"]

1. e4 c5 2. Nf3 Nc6 3. d4 cxd4 4. Nxd4 d6 5. Nc3 Nf6 6. Bg5 e5 7. Ndb5 a6 8. Na3 Be7 9. f4 O-O 10. Bxf6 Bxf6 11. f5 b5 12. Nd5 Bb7 13. Qg4 b4 14. Nc4 Nd4 15. Bd3 Bxd5 16. exd5 Rc8 17. O-O Rxc4 18. Bxc4 Nxc2 19. Qe2 Nxa1 20. Bxa6 Qb6+ 21. Kh1 Nc2 22. Qd3 Nd4 23. a4 bxa3 24. bxa3 Ra8 25. Rc1 h6 26. Bc8 Qb2 27. Qc4 Rxa3 28. Be6 Ra1 29. Bxf7+ Kxf7 30. Qc7+ Be7 0-1

[Event "Gatineau Benevoles"]
[Site "Gatineau CAN"]
[Date "2013.12.01"]
[Round "4"]
[White "Lecorre, Joel"]
[Black "Lessard, Alex"]
[Result "1/2-1/2"]
[WhiteElo "1517"]
[BlackElo "1111"]
[PlyCount "75"]
[GameId "2160767909208202"]
[EventDate "2013.12.10"]
[EventType "swiss"]
[EventRounds "4"]
[EventCountry "CAN"]
[SourceTitle "EXT 2022"]
[Source "ChessBase"]
[SourceDate "2021.10.06"]
[SourceVersion "1"]
[SourceVersionDate "2021.10.06"]
[SourceQuality "1"]

1. b3 e5 2. Bb2 Nc6 3. e3 Nf6 4. Bb5 Bd6 5. Nf3 Qe7 6. O-O O-O 7. d3 a6 8. Bxc6 dxc6 9. e4 Bg4 10. h3 Bh5 11. Nbd2 Nd7 12. g4 Bg6 13. h4 h5 14. Ng5 hxg4 15. Qxg4 Nf6 16. Qh3 Nh5 17. Kh1 Nf4 18. Qg3 Bh5 19. f3 Qd7 20. Kh2 f6 21. Nh3 Nxh3 22. Qxh3 Qxh3+ 23. Kxh3 f5 24. Nc4 Rae8 25. Kg3 f4+ 26. Kh3 Rf6 27. Rf2 Rg6 28. Rg2 Rxg2 29. Kxg2 Re6 30. Kf2 Bc5+ 31. Ke2 Rg6 32. Rf1 Rg2+ 33. Kd1 Bf2 34. Nxe5 Bxh4 35. Bc1 g5 36. a4 Kf8 37. Ba3+ Ke8 38. Bc5 1/2-1/2

[Event "Gatineau Benevoles"]
[Site "Gatineau CAN"]
[Date "2013.12.01"]
[Round "4"]
[White "Legare, Gilles"]
[Black "Ethier, Valori"]
[Result "0-1"]
[WhiteElo "1130"]
[BlackElo "1345"]
[PlyCount "82"]
[GameId "2160767909208203"]
[EventDate "2013.12.10"]
[EventType "swiss"]
[EventRounds "4"]
[EventCountry "CAN"]
[SourceTitle "EXT 2022"]
[Source "ChessBase"]
[SourceDate "2021.10.06"]
[SourceVersion "1"]
[SourceVersionDate "2021.10.06"]
[SourceQuality "1"]

1. e4 c6 2. Nf3 d5 3. e5 Bf5 4. Bd3 Bxd3 5. cxd3 e6 6. b3 Bc5 7. d4 Bb6 8. Ba3 Ne7 9. Bc5 Nd7 10. Bd6 Nf5 11. Bc5 Nxc5 12. dxc5 Bxc5 13. d4 Qa5+ 14. Nbd2 Nxd4 15. O-O Nf5 16. Kh1 Bd4 17. Nxd4 Nxd4 18. Qg4 Nf5 19. Nf3 h5 20. Qf4 Qd8 21. Rad1 Qe7 22. b4 Rg8 23. g4 g5 24. Nxg5 Rxg5 25. gxf5 Rxf5 26. Qd4 Rg5 27. Rg1 b6 28. Rxg5 Qxg5 29. Rg1 Qf5 30. Rg8+ Kd7 31. Rg7 Qb1+ 32. Kg2 Rf8 33. a3 Qe4+ 34. Qxe4 dxe4 35. h4 Ke7 36. Kf1 Rd8 37. Ke2 c5 38. bxc5 bxc5 39. Rg1 Rd5 40. f4 exf3+ 41. Kxf3 Rxe5 0-1

[Event "Gatineau Benevoles"]
[Site "Gatineau CAN"]
[Date "2013.12.01"]
[Round "4"]
[White "Leon, Carlos"]
[Black "Choiniere, Rene"]
[Result "1-0"]
[WhiteElo "1648"]
[BlackElo "1577"]
[PlyCount "57"]
[GameId "2160767909208204"]
[EventDate "2013.12.10"]
[EventType "swiss"]
[EventRounds "4"]
[EventCountry "CAN"]
[SourceTitle "EXT 2022"]
[Source "ChessBase"]
[SourceDate "2021.10.06"]
[SourceVersion "1"]
[SourceVersionDate "2021.10.06"]
[SourceQuality "1"]

1. c4 Nf6 2. g3 e6 3. Bg2 d5 4. Nf3 c6 5. O-O Be7 6. b3 O-O 7. Bb2 Nbd7 8. Qc2 dxc4 9. bxc4 Qc7 10. d4 c5 11. e3 cxd4 12. exd4 Rb8 13. Nbd2 b6 14. Rac1 Bb7 15. Rfe1 Rbc8 16. Qb1 Bb4 17. Qd3 Qb8 18. a3 Ba5 19. Re2 Bxd2 20. Nxd2 Bxg2 21. Kxg2 Qb7+ 22. f3 Rfd8 23. Ne4 Nxe4 24. fxe4 Ne5 25. Qb3 Ng6 26. d5 exd5 27. cxd5 Rxc1 28. Bxc1 Ne5 29. Bb2 1-0

[Event "Gatineau Benevoles"]
[Site "Gatineau CAN"]
[Date "2013.12.01"]
[Round "4"]
[White "Menard, Marc"]
[Black "Arsenault, Yves"]
[Result "0-1"]
[WhiteElo "1450"]
[BlackElo "1567"]
[PlyCount "88"]
[GameId "2160767909208205"]
[EventDate "2013.12.10"]
[EventType "swiss"]
[EventRounds "4"]
[EventCountry "CAN"]
[SourceTitle "EXT 2022"]
[Source "ChessBase"]
[SourceDate "2021.10.06"]
[SourceVersion "1"]
[SourceVersionDate "2021.10.06"]
[SourceQuality "1"]

1. e4 c5 2. Nf3 Nc6 3. d4 cxd4 4. Nxd4 Nf6 5. Nc3 e5 6. Ndb5 d6 7. Nd5 Nxd5 8. exd5 Nb8 9. c4 a6 10. Nc3 Be7 11. Be2 O-O 12. O-O Bf5 13. Bd3 Bxd3 14. Qxd3 f5 15. f4 e4 16. Qh3 Nd7 17. Be3 Rc8 18. b3 Bf6 19. Rac1 Bxc3 20. Rxc3 Qf6 21. Rc2 Qg6 22. Bd4 Nf6 23. Rc3 Qg4 24. Bxf6 Qxh3 25. Rxh3 Rxf6 26. Re3 b5 27. Rc1 Rf7 28. g4 g6 29. Kg2 Rfc7 30. Rec3 b4 31. Re3 Rc5 32. h4 Rxd5 33. Rce1 Rd2+ 34. R1e2 Rxe2+ 35. Rxe2 Kf7 36. Kg3 Ke6 37. Rh2 d5 38. cxd5+ Kxd5 39. Rd2+ Ke6 40. h5 Rc3+ 41. Kh4 gxh5 42. gxh5 Rf3 43. Kg5 Rg3+ 44. Kh4 Rg4+ 0-1

[Event "Gatineau Benevoles"]
[Site "Gatineau CAN"]
[Date "2013.12.01"]
[Round "4"]
[White "Roth, Gerhard"]
[Black "Lemieux, Denis"]
[Result "1-0"]
[WhiteElo "1495"]
[BlackElo "1666"]
[PlyCount "67"]
[GameId "2160767909208206"]
[EventDate "2013.12.10"]
[EventType "swiss"]
[EventRounds "4"]
[EventCountry "CAN"]
[SourceTitle "EXT 2022"]
[Source "ChessBase"]
[SourceDate "2021.10.06"]
[SourceVersion "1"]
[SourceVersionDate "2021.10.06"]
[SourceQuality "1"]

1. e4 c6 2. d4 d5 3. exd5 cxd5 4. c4 Nf6 5. Nf3 e6 6. Bg5 Be7 7. Bd3 Nbd7 8. Nc3 dxc4 9. Bxc4 Nb6 10. Bd3 h6 11. Bf4 Nfd5 12. Bg3 O-O 13. O-O Bd6 14. Bc2 Bxg3 15. fxg3 Nb4 16. Bb3 N4d5 17. Qd3 a6 18. Bc2 f5 19. a3 Nf6 20. Ne5 Nbd5 21. g4 f4 22. Ng6 Re8 23. Nxf4 Nxf4 24. Rxf4 Qe7 25. Qg6 Kh8 26. Ne4 Rf8 27. Raf1 Bd7 28. Nxf6 gxf6 29. Qxh6+ Kg8 30. Rxf6 Rxf6 31. Rxf6 Be8 32. Bh7+ Kh8 33. Bg6+ Kg8 34. Rf8+ 1-0